00546nam a2200169Ia 4500008004100000041001200041082001100053100001500064245004600079250000800125260003000133300000800163650001600171942000700187999001300194952016900207221030s9999 xx 000 0 und d aEnglish a105.23 aS. S. Sane 0aTheory Of Computer Sciencecby S. S. Sane a2nd bTechnical PubaPunec2005 a443 aBE Computer cBK c772d772 pBE 7876g200.00l1o105.23 r2024-06-21 00:00:00s2024-05-15w2022-10-30yBK003Print4070aMIETLIBbMIETLIBcBL-First, FL-1, CUP-27, SH-4, R-4d2006-05-3110HBE